Normal view
MARC view
Entry Corporate Name
001 - CONTROL NUMBER
- control field: 6546
003 - CONTROL NUMBER IDENTIFIER
- control field: OSt
005 - DATE AND TIME OF LATEST TRANSACTION
- control field: 20211105132803.0
008 - FIXED-LENGTH DATA ELEMENTS
- fixed length control field: 211105|| aca||aabn | a|a d
040 ## - CATALOGING SOURCE
- Original cataloging agency: OSt
- Transcribing agency: OSt
110 ## - HEADING--CORPORATE NAME
- Corporate name or jurisdiction name as entry element: COSPAR
670 ## - SOURCE DATA FOUND
- Source citation: Work cat.: (OSt): Symposium on Dynamics of Satellites Prague 1969 May 20-24 6543, Dynamics of satellites (1969), 1970